000 00304 a2200145 4500
001 155008
040 _cEscola São Tomás de Aquino
100 _aPEARSON, Jenny
240 1 0 _aThe Picture
_lpor
245 1 0 _aThe Picture
300 _a19
362 0 _a1998
697 _aLíngua inglesa
942 _cBK
999 _c155008
_d155008